[Event "CAN-ch U14"]
[Site "Quebec"]
[Date "2008.07.16"]
[Round "6"]
[White "Parker, Dylan"]
[Black "Dawson, Michael"]
[Result "1/2-1/2"]
[WhiteElo "1512"]
[BlackElo "1596"]
[PlyCount "60"]
[EventDate "2008.07.14"]
[EventType "swiss"]
[EventRounds "7"]
[EventCountry "CAN"]
[SourceTitle "EXT 2011"]
[Source "ChessBase"]
[SourceDate "2010.11.26"]
[SourceVersion "1"]
[SourceVersionDate "2010.11.26"]
[SourceQuality "1"]

1. e4 e6 2. d4 d5 3. Nc3 Nf6 4. Bg5 Be7 5. e5 Nfd7 6. Bxe7 Qxe7 7. Nf3 c5 8. Qd2 a6 9. Ne2 Nc6 10. c3 Qd8 11. Ng3 Qb6 12. Rc1 Qa5 13. a3 cxd4 14. cxd4 Qxd2+ 15. Kxd2 Na5 16. Rc3 Nb6 17. Kc1 Bd7 18. b3 0-0 19. Kb2 Rfc8 20. Rxc8+ Rxc8 21. Bd3 h6 22. Nd2 Nc6 23. Ne2 Na7 24. Rc1 Nb5 25. Rxc8+ Nxc8 26. f4 Ne7 27. g3 Nc7 28. g4 Bb5 29. Bxb5 Nxb5 30. Nf3 Nc7 1/2-1/2

[Event "CAN-ch U10"]
[Site "Kapuskasing"]
[Date "2004.07.07"]
[Round "3"]
[White "Dawson, Michael"]
[Black "Dallaire, Deric"]
[Result "1-0"]
[WhiteElo "1252"]
[BlackElo "1088"]
[PlyCount "103"]
[EventDate "2004.07.06"]
[EventType "swiss"]
[EventRounds "7"]
[EventCountry "CAN"]
[SourceTitle "EXT 2006"]
[Source "ChessBase"]
[SourceDate "2005.11.24"]
[SourceVersion "1"]
[SourceVersionDate "2005.11.24"]
[SourceQuality "1"]

1. d4 d5 2. Nf3 Bf5 3. Bf4 e6 4. a3 Bd6 5. Bxd6 Qxd6 6. e3 Nf6 7. Nc3 0-0 8. Bd3 Nc6 9. Bxf5 exf5 10. Qd3 h6 11. Qxf5 Ne7 12. Qd3 a6 13. h3 b5 14. b4 a5 15. Rb1 axb4 16. axb4 Nc6 17. Nxb5 Qe7 18. c3 Nh5 19. 0-0 Nd8 20. Ra1 Rb8 21. Na3 Ra8 22. Qf5 Nf6 23. Qe5 Qd7 24. Nh4 Ne8 25. Nf5 Nf6 26. Ng3 Nc6 27. Qf5 Qd8 28. Nh5 Kh8 29. Nxf6 Qxf6 30. Qxf6 gxf6 31. Nb5 Rg8 32. Rxa8 Rxa8 33. Nxc7 Rc8 34. Nxd5 f5 35. b5 Na7 36. b6 Nb5 37. Rb1 Nxc3 38. Nxc3 Rb8 39. b7 f4 40. exf4 Kg8 41. Nd5 Kf8 42. Nc7 Ke7 43. Na6 Kd7 44. Nxb8+ Kc7 45. Na6+ Kc6 46. b8Q Kd5 47. Qe5+ Kc4 48. Rc1+ Kb3 49. Qb8+ Ka2 50. Nb4+ Ka3 51. Nc2+ Ka4 52. Ra1# 1-0